ARRUPE JESUIT UNIVERSITY

CORONAVIRUS -STOP THE SPREAD - CLEAN,DISINFECT,COVER

The Parson's daughter and other stories / (Record no. 119959)

MARC details
000 -LEADER
fixed length control field 00690cam a22002171a 4500
001 - CONTROL NUMBER
control field 466959
003 - CONTROL NUMBER IDENTIFIER
control field ARRUPE
005 - DATE AND TIME OF LATEST TRANSACTION
control field 20140205144511.0
008 - FIXED-LENGTH DATA ELEMENTS--GENERAL INFORMATION
fixed length control field 860430s1949 enka 000 1 eng d
035 ## - SYSTEM CONTROL NUMBER
System control number (OCoLC)2381176
035 ## - SYSTEM CONTROL NUMBER
System control number (OCoLC)ocm02381176
035 ## - SYSTEM CONTROL NUMBER
System control number (CStRLIN)NYCG86-B43931
035 ## - SYSTEM CONTROL NUMBER
System control number (NNC)466959
040 ## - CATALOGING SOURCE
Original cataloging agency RPB
Transcribing agency RPB
Modifying agency NNC
300 ## - PHYSICAL DESCRIPTION
Other physical details ill. ;
Dimensions 22 cm.
100 1# - MAIN ENTRY--PERSONAL NAME
Personal name Trollope, Anthony,
Dates associated with a name 1815-1882.
9 (RLIN) 8034
245 14 - TITLE STATEMENT
Title The Parson's daughter and other stories /
Statement of responsibility, etc by Anthony Trollope ; selected and introduced by John Hampden ; wood engravings by Joan Hassall.
260 ## - PUBLICATION, DISTRIBUTION, ETC. (IMPRINT)
Place of publication, distribution, etc London :
Name of publisher, distributor, etc Folio Society,
Date of publication, distribution, etc 1949.
300 ## - PHYSICAL DESCRIPTION
Extent 228 p. :
942 ## - ADDED ENTRY ELEMENTS (KOHA)
Source of classification or shelving scheme Library of Congress Classification
Koha item type Monograph ( Printed materials)
Holdings
Withdrawn status Lost status Source of classification or shelving scheme Damaged status Not for loan Collection code Home library Current library Shelving location Date acquired Total Checkouts Full call number Barcode Date last seen Price effective from Koha item type
    Library of Congress Classification     Main Collection ARRUPE LIBRARY ARRUPE LIBRARY Main Collection 05/02/2014   PR5684.P3 1949 46411944 05/02/2014 05/02/2014 Monograph ( Printed materials)

 

Arrupe Library. PO Box MP320 Mt Pleasant, Harare, Zimbabwe
263 242 745411|librarian@aju.ac.zw